Fr. Conceicao Rodrigues College of Engineering

Management for engineers (Record no. 22965)

MARC details
000 -LEADER
fixed length control field 00292nam a2200133Ia 4500
082 ## - DEWEY DECIMAL CLASSIFICATION NUMBER
Classification number 658.002462
Item number CHA
100 ## - MAIN ENTRY--PERSONAL NAME
Personal name Chapman/C.B
245 ## - TITLE STATEMENT
Title Management for engineers
260 ## - PUBLICATION, DISTRIBUTION, ETC.
Name of publisher, distributor, etc. John wiley
Place of publication, distribution, etc. Chichester
Date of publication, distribution, etc. 1987
300 ## - PHYSICAL DESCRIPTION
Extent 654
546 ## - LANGUAGE NOTE
Language note ENGLISH
654 ## - SUBJECT ADDED ENTRY--FACETED TOPICAL TERMS
Focus term management
942 ## - ADDED ENTRY ELEMENTS (KOHA)
Koha item type Reference Book
Holdings
Withdrawn status Lost status Damaged status Not for loan Collection Home library Current library Shelving location Date acquired Cost, normal purchase price Total Checkouts Full call number Barcode Date last seen Cost, replacement price Price effective from Koha item type
        CRC Fr. Agnel's C.Rodrigues College of Engineering Fr. Agnel's C.Rodrigues College of Engineering   17/03/2023 695.13   658.002462 CHA 2593 17/03/2023 695.13 17/03/2023 Reference Book